书目信息 |
| 题名: |
建筑结构抗震分析
|
|
| 作者: | 阎盛海 著 | |
| 分册: | ||
| 出版信息: | 武汉 中国建材工业出版社 1999.06 |
|
| 页数: | 166页 | |
| 开本: | 16开 | |
| 丛书名: | ||
| 单 册: | ||
| 中图分类: | TU352.11 | |
| 科图分类: | ||
| 主题词: | 建筑结构--特殊形式 | |
| 电子资源: | ||
| ISBN: | 7-80090-913-1 | |
| 000 | 00569nam0 2200193 45 | |
| 001 | 0002251653 | |
| 005 | 20000722112700.5 | |
| 010 | @a7-80090-913-1@d19.00元 | |
| 100 | @a20000225d1999 km y0chiy0120 ea | |
| 101 | @achi | |
| 105 | @a z 000yy | |
| 200 | 1 | @a建筑结构抗震分析@AJian Zhu Jie Gou Kang Zhen Fen Xi@f阎盛海著@FYan Sheng Hai Zhu |
| 210 | @a武汉@c中国建材工业出版社@d1999.06 | |
| 215 | @a166页@d16开 | |
| 606 | 0 | @a建筑结构@x特殊形式 |
| 690 | @aTU352.11@v3 | |
| 701 | @a阎盛海@4著 | |
| 801 | @aCN@bPftUser@c20000225 | |
| 905 | @dTU352.11@eY305@b74838-847@f10 | |
| 建筑结构抗震分析/阎盛海著.-武汉:中国建材工业出版社,1999.06 |
| 166页;16开 |
| ISBN 7-80090-913-1:19.00元 |
| ● |
| 相关链接 |
|
|
|
正题名:建筑结构抗震分析
索取号:TU352.11/Y305
 
预约/预借
| 序号 | 登录号 | 条形码 | 馆藏地/架位号 | 状态 | 备注 |
| 1 | 74838 | 200748389 | 土木与交通工程学院资料室/土木与交通学院资料室 1排1列1层/ [索取号:TU352.11/Y305] | 在馆 | |
| 2 | 74839 | 200748398 | 土木与交通工程学院资料室/土木与交通学院资料室 1排1列1层/ [索取号:TU352.11/Y305] | 在馆 | |
| 3 | 74840 | 200748405 | 自科二线404/404自科库 27排4列1层/ [索取号:TU352.11/Y305] | 在馆 | |
| 4 | 74841 | 200748414 | 自科二线404/404自科库 27排4列1层/ [索取号:TU352.11/Y305] | 在馆 | |
| 5 | 74842 | 200748423 | 自科二线404/404自科库 27排4列1层/ [索取号:TU352.11/Y305] | 在馆 | |
| 6 | 74843 | 200748432 | 建筑库101/101建筑库 82排2列5层/ [索取号:TU352.11/Y305] | 在馆 | |
| 7 | 74844 | 200748441 | 自科二线404/404自科库 27排4列1层/ [索取号:TU352.11/Y305] | 在馆 | |
| 8 | 74845 | 200748450 | 自科二线404/404自科库 27排4列1层/ [索取号:TU352.11/Y305] | 在馆 | |
| 9 | 74846 | 200748469 | 自科二线404/404自科库 27排4列1层/ [索取号:TU352.11/Y305] | 在馆 | |
| 10 | 74847 | 200748478 | 建筑库101/101建筑库 82排2列5层/ [索取号:TU352.11/Y305] | 在馆 |